<?xml version="1.0" encoding="UTF-8"?>
<marc:record xmlns:marc="http://www.loc.gov/MARC21/slim">
   <marc:leader>00000nam a2200000 a 4500</marc:leader>
   <marc:datafield ind1="1" ind2=" " tag="100">
      <marc:subfield code="a">Müller-Wohlfahrt, Hans-Wilhelm</marc:subfield>
      <marc:subfield code="4">aut</marc:subfield>
      <marc:subfield code="e">Verfasser/-in</marc:subfield>
   </marc:datafield>
   <marc:datafield ind1="0" ind2="0" tag="245">
      <marc:subfield code="a">Mensch, beweg dich!</marc:subfield>
   </marc:datafield>
   <marc:datafield ind1="0" ind2="0" tag="245">
      <marc:subfield code="b">so stärken Sie Ihr Bindegewebe</marc:subfield>
   </marc:datafield>
   <marc:datafield ind1="0" ind2="0" tag="245">
      <marc:subfield code="c">Hans-Wilhelm Müller-Wohlfahrt</marc:subfield>
   </marc:datafield>
   <marc:datafield ind1=" " ind2="1" tag="264">
      <marc:subfield code="a">München</marc:subfield>
      <marc:subfield code="b">Zabert Sandmann</marc:subfield>
      <marc:subfield code="c">2001</marc:subfield>
   </marc:datafield>
   <marc:datafield ind1=" " ind2=" " tag="250">
      <marc:subfield code="a">1. Aufl.</marc:subfield>
   </marc:datafield>
   <marc:datafield ind1="1" ind2=" " tag="520">
      <marc:subfield code="a">Es ist nach "So schützen Sie ihre Gesundheit" (BA 4/01) das 2. Buch des langjährigen Bayern München-"Doc". Bewegung, Ernährung und Nahrungsergänzung stehen im Vordergrund des sportmedizinisch orientierten, aber gleichwohl allgemein verständlichen Buches, das in Zusammenarbeit mit 5 (!) wissenschaftlichen Mitarbeitern (darunter U. Pramann) entstanden ist. Beschrieben werden Aufbau, Funktion und Kräftigung des Bindegewebes (und das geht über Cellulitis weit hinaus), ein Überblick über Sportarten mit allen sportmedizinischen Vor- und Nachteilen, Fitness-Test, Gymnastik, 1. Hilfe bei Verletzungen sowie ein Kapitel über Ernährung (nicht neu) und Nahrungsergänzung (interessant) im Hinblick auf die Kräftigung des Bindegewebes. Für die Fotos standen Tochter Maren und der noch erstaunlich jugendlich wirkende Doc selber Modell. Ein kompaktes und rundum ansprechend gestaltetes Buch, eine gute Ergänzung zum älteren Titel. (2)</marc:subfield>
   </marc:datafield>
   <marc:datafield ind1=" " ind2=" " tag="020">
      <marc:subfield code="a">9783898830133</marc:subfield>
      <marc:subfield code="9">9783898830133</marc:subfield>
   </marc:datafield>
   <marc:datafield ind1=" " ind2=" " tag="041">
      <marc:subfield code="a">ger</marc:subfield>
   </marc:datafield>
   <marc:datafield ind1="1" ind2=" " tag="521">
      <marc:subfield code="a">0</marc:subfield>
   </marc:datafield>
   <marc:datafield ind1=" " ind2=" " tag="300">
      <marc:subfield code="a">248 S. : Ill.</marc:subfield>
   </marc:datafield>
</marc:record>
